000 03295nam a22005655i 4500
001 978-981-15-5428-5
003 DE-He213
005 20250103112322.0
007 cr nn 008mamaa
008 200526s2020 si | s |||| 0|eng d
020 _a9789811554285
_9978-981-15-5428-5
024 _a10.1007/978-981-15-5428-5
_2doi
050 _aTH1-9745
072 _aTNK
_2bicssc
072 _aTEC005050
_2bisacsh
072 _aTNK
_2thema
082 _a690
_223
100 _aCheng, Zekun.
_eauthor.
_4aut
_4http://id.loc.gov/vocabulary/relators/aut
245 _aDesign and Practice of Cruise Ports
_h[electronic resource] /
_cby Zekun Cheng, Lei Gong, Chen Li.
250 _a1st ed. 2020.
260 _aSingapore :
_bSpringer Nature Singapore :
_bImprint: Springer,
_c2020.
300 _aXIII, 321 p. 270 illus., 254 illus. in color.
_bonline resource.
336 _atext
_btxt
_2rdacontent
337 _acomputer
_bc
_2rdamedia
338 _aonline resource
_bcr
_2rdacarrier
347 _atext file
_bPDF
_2rda
490 _aSpringer Series on Naval Architecture, Marine Engineering, Shipbuilding and Shipping,
_x2194-8453 ;
_v4
505 _aExecutive Summary -- Preface -- Introduction -- Cruise Ships -- Global Cruise Ports -- Site Selection of Cruise Terminals -- General Layout of Cruise Terminals -- Cruise Terminal Process -- Terminal Building -- Marine Structures and Other Facilities -- Construction Practice of Cruise Port Construction -- Prospect.
520 _aThis book focuses on design technologies and practical engineering applications in connection with cruise ports and terminals. After a brief introduction to cruise ships and global cruise ports, it addresses the location, structure and layout of cruise terminals, the technologies involved, cruise terminal buildings and supporting facilities. The book also explores practical engineering cases, including projects that the authors have worked on, such as the Shenzhen Prince Bay and Shanghai Wusongkou International Cruise Terminal projects. Systematically discussing the design and engineering aspects of domestic and international cruise terminals, the book offers a practical reference guide for engineers, researchers, practitioners and policymakers in relevant fields.
650 _aBuildings
_xDesign and construction.
650 _aTransportation engineering.
650 _aTraffic engineering.
650 _aCivil engineering.
650 _aBuilding Construction and Design.
650 _aTransportation Technology and Traffic Engineering.
650 _aCivil Engineering.
700 _aGong, Lei.
_eauthor.
_4aut
_4http://id.loc.gov/vocabulary/relators/aut
700 _aLi, Chen.
_eauthor.
_4aut
_4http://id.loc.gov/vocabulary/relators/aut
710 _aSpringerLink (Online service)
773 _tSpringer Nature eBook
776 _iPrinted edition:
_z9789811554278
776 _iPrinted edition:
_z9789811554292
776 _iPrinted edition:
_z9789811554308
830 _aSpringer Series on Naval Architecture, Marine Engineering, Shipbuilding and Shipping,
_x2194-8453 ;
_v4
856 _uhttps://doi.org/10.1007/978-981-15-5428-5
912 _aZDB-2-ENG
912 _aZDB-2-SXE
999 _c12632
_d12632